000 00322nam a2200133Ia 4500
008 230312s9999||||xx |||||||||||||| ||und||
082 _a004.16
_bBRE-I
100 _aBrey Barry B.
245 0 _aIntel Microprocessors
300 _a900
546 _aEng.
650 _aComputer
_vIntroduction , Addressing Modes
942 _cBK
999 _c3432
_d3432